Voviyo ani verse (Record no. 213252)
[ view plain ]
| 000 -LEADER | |
|---|---|
| fixed length control field | 00590nam a2200217Ia 4500 |
| 003 - CONTROL NUMBER IDENTIFIER | |
| control field | OSt |
| 005 - DATE AND TIME OF LATEST TRANSACTION | |
| control field | 20230224102956.0 |
| 008 - FIXED-LENGTH DATA ELEMENTS--GENERAL INFORMATION | |
| fixed length control field | 210719s1997 xx 000 0 und d |
| 040 ## - CATALOGING SOURCE | |
| Transcribing agency | AL |
| 041 ## - LANGUAGE CODE | |
| Language code of text/sound track or separate title | Konkani |
| 082 ## - DEWEY DECIMAL CLASSIFICATION NUMBER | |
| Classification number | 891.461 KASV |
| 100 ## - MAIN ENTRY--PERSONAL NAME | |
| Personal name | KASTELIN (Alban), Ed |
| 9 (RLIN) | 73184 |
| 245 ## - TITLE STATEMENT | |
| Title | Voviyo ani verse |
| Remainder of title | ವೊವಿಯೊ ಆನಿ ವೆರ್ಸ್ |
| 260 ## - PUBLICATION, DISTRIBUTION, ETC. | |
| Place of publication, distribution, etc. | Manglur. |
| Name of publisher, distributor, etc. | Konkani Samstho, Sa Luvis Kolej., |
| Date of publication, distribution, etc. | 1997 |
| 300 ## - PHYSICAL DESCRIPTION | |
| Extent | 103 |
| Other physical details | PB |
| 365 ## - TRADE PRICE | |
| Price amount | 8 |
| Currency code | Rs |
| 650 ## - SUBJECT ADDED ENTRY--TOPICAL TERM | |
| Topical term or geographic name entry element | Konkani Poetry |
| 9 (RLIN) | 73185 |
| 650 ## - SUBJECT ADDED ENTRY--TOPICAL TERM | |
| Topical term or geographic name entry element | Castalino Alban |
| 9 (RLIN) | 73186 |
| 906 ## - LOCAL DATA ELEMENT F, LDF (RLIN) | |
| a | Voviyo |
| 942 ## - ADDED ENTRY ELEMENTS (KOHA) | |
| Source of classification or shelving scheme | Dewey Decimal Classification |
| Koha item type | Book |
| Withdrawn status | Lost status | Source of classification or shelving scheme | Damaged status | Not for loan | Collection code | Home library | Current library | Date acquired | Cost, normal purchase price | Total Checkouts | Full call number | Barcode | Date last seen | Price effective from | Koha item type | Public note | Date last checked out |
|---|---|---|---|---|---|---|---|---|---|---|---|---|---|---|---|---|---|
| Dewey Decimal Classification | Konkani | St Aloysius Library | St Aloysius Library | 10/07/1997 | 8.00 | 891.461 KASV | D01375 | 07/19/2021 | 07/19/2021 | Donated Books | Donated by Konkani Institution St Aloysius College | ||||||
| Dewey Decimal Classification | Konkani | St Aloysius Library | St Aloysius Library | 10/07/1997 | 8.00 | 1 | 891.461 KASV | D01376 | 01/07/2022 | 07/19/2021 | Donated Books | Donated by Konkani Institution St Aloysius College | 12/29/2021 |